000 00578nam a2200217 i 4500
001 C2-0228554
003 PPAK
005 20180728155617.0
008 000822s1948 enka|||| ||||| | eng d
040 _aPPAK
_beng
_cPPAK
_erda
082 0 4 _a613
_223
090 0 0 _a613
_bGAM
_dKSI
100 1 _aGamlin, R.,
_eauthor
245 1 0 _aEducation and health
264 1 _aLondon :
_bJames Nisbet ,
_c1948
300 _axi, 372 pages :
_billustrations ;
_c21 cm
336 _2rdacontent
_atext
337 _2rdamedia
_aunmediated
338 _2rdacarrier
_avolume
942 _ddc
_cB
999 _c148377
_d148377